Statistiques concernant Sims 4 - Émotions

Cliquez ici pour prendre le quiz!

Statistiques générales

  • Ce quiz a été pris 529 fois
  • Le résultat moyen est 11 sur 19

Statistiques - réponses

Couleur de l'émotionÉmotion% Correct
Triste
96%
En colère
95%
Heureux
87%
Enjôleur
82%
iBien
62%
Joueur
62%
Blasé
60%
Inspiré
59%
Embarrassé
57%
Mal à l'aise
57%
Concentré
55%
Hébété
49%
Énergisé
48%
Confiant
47%
Tendu
46%
Endormi
44%
Enragé
26%
Hystérique
25%
Mortifié
21%

Distribution des résultats

Percentile par nombre de réponses

% des personnes avec chaque résultat

Votre développement - résultats

Vous n’avez pas pris ce quiz